Culture Générale - Clic Quiz - La réponse est une couleur - Statistiques

Statistiques générales
  • Ce quiz a été pris 412 fois
  • Le résultat moyen est 12 sur 20
Statistiques - réponses
Hint Réponse % Correct
Couleur des taxis à New York Jaune
92%
Couleur du vote qui n'indique aucun vœu, aucune préférence Blanc
90%
Couleur de la croix utilisée fréquemment par les pharmacies comme enseigne en France Vert
88%
Représente environ 13% de la composition du Nutella Noisette
84%
Se consomme grillée et salée dans les pays occidentaux en accompagnement de l’apéritif Pistache
79%
Kate Winslet dans le film Titanic de 1997 Rose
79%
Novice, nouveau-venu dans un groupe, souvent avec peu ou pas d'expérience Bleu
78%
Autre couleur que le noir dans le titre de la chanson de Jeanne Mas qui date de 1986 Rouge
74%
Couleur du café sans lait Noir
68%
Fruit du plaqueminier du Japon (Diospyros ..), de la famille des Ébénacées Kaki
65%
Commune Française surnommée la « Cité des Princes » située au nord-ouest du département du Vaucluse Orange
65%
Madagascar en représente 40% de la production mondiale et l'Indonésie 29% (chiffres 2019) Vanille
62%
Laine naturelle ou toute étoffe qui n'a reçu ni teinture, ni blanchiment Beige
57%
Compléte le nom de la Mini-série française en huit épisodes de 90 minutes diffusée sur TF1 en 1996 avec Francis Huster et Cristiana Reali : "Terre.." Indigo
42%
Couleur des "Petit-..." extraterrestres humanoïdes fictifs présents dans la littérature de science-fiction contemporaine mais aussi dans la littérature ufologique rapportant des allégations d'enlèvements. Gris
34%
Compléte le slogan scandé dans les tribunes du stade Saint-Symphorien : "La Lorraine est .." Grenat
31%
Espèce minérale composée de phosphate hydraté de cuivre et d'aluminium dont la composition chimique est CuAl6(PO4)4(OH)8·4H2O Turquoise
30%
Chanson des années 90 du groupe Hole de Courtney Love finissant par "...Go on, take everything, take everything
Take everything, take everything..."
Violet
23%
Nom traduit en français de la Franchise de Football Américain de Cleveland en NFL Marron
20%
En Belgique, couleur distinctive des uniformes des gardiens de la paix et aussi du club de Football du RSC Anderlecht Mauve
16%
Aucun quiz correspondant
Distribution des résultats
% des personnes avec chaque résultat
Percentile par nombre de réponses
Votre historique - résultats
Vous n’avez pas pris ce quiz